Geografické názvoslovie a jeho štandardizácia
Štandardizácia geografického názvoslovia. Medzinárodná štandardizácia geografického názvoslovia a jej štruktúra. Národná štandardizácia a autority kompetentné na štandardizáciu geografického názvoslovia v SR. Prepis názvov z nelatinkového písma do slovenčiny.
Salvato in:
| Autore principale: | |
|---|---|
| Natura: | Capitolo di libro |
| Lingua: | slovacco |
| Soggetti: | |
| Tags: |
Nessun Tag, puoi essere il primo ad aggiungerne!!
|
MARC
| LEADER | 00000naa a2200000 4500 | ||
|---|---|---|---|
| 001 | r017534 | ||
| 005 | 20221205090306.2 | ||
| 041 | 0 | |a slo | |
| 044 | |a SK | ||
| 245 | 1 | 0 | |a Geografické názvoslovie a jeho štandardizácia |c S. Seitzová |
| 520 | |a Štandardizácia geografického názvoslovia. Medzinárodná štandardizácia geografického názvoslovia a jej štruktúra. Národná štandardizácia a autority kompetentné na štandardizáciu geografického názvoslovia v SR. Prepis názvov z nelatinkového písma do slovenčiny. | ||
| 610 | 2 | 0 | |a geografia |
| 610 | 2 | 0 | |a Slovensko |
| 610 | 2 | 0 | |a štandardizácia |
| 610 | 2 | 0 | |a OSN |
| 100 | 1 | |a Seitzová, S. | |